1111 1443 1376 1616 1269 1230 1091 1240 1586 1135 1332 1580 1457 1023 1025 1279 1345 1860 1601 1670 1776 1522 1104 1561 1671 1319 1938 1105 1091 1527 1936 1252 1528 1001 1589 1999 1571 1232 1282 1366 1490 1956 1584 1824 1190 1792 1157 1407 1157 1815 1079 1110 1333 1325 1136 1567 1377 1054 1584 1636 1228 1900 1472 1071 1715 1374 1698 1444 1828 1646 1461 1590 1736 1800 1522 1093 1864 1136 1300 1965 1093 1810 1824 1822 1023 1615 1681 1323 1850 1736 1559 1122 1822 1759 1467 1137 1061 1350 1200 BCNSPRNW ULIB Ver.6.0+V

เปลี่ยนเป็นภาษาไทย

Change to English
 แสดงรายละเอียดบรรณานุกรม
  กลับหน้าหลัก

Brief Record : Get Marc (ISO 2709) : E-mail record : QR code < ปิดหน้าต่าง
LEADER : 00000nam 2200000uu 4500
001    13399127955
003     ULIB
008    020711s2563 th a 000 0 tha d
020    ^a9786160839018
050    ^aนว.^bณ-ส
100    ^aณรียา
245    ^aสัญญารักข้ามกาลเวลา
250    ^aพิมพ์ครั้งที่ 1
260    ^aกรุงเทพฯ :^bซีเอ็ดยูเคชั่น,^c2563
300    ^a424 หน้า;^b21 ซม.
650    ^aนวนิยาย
945    ^p350^l0^i008545
999    ^aประนอม เกษจรัล
รายการนี้ยังไม่มีแท็ก
คุณยังไม่ได้ล็อกอิน คุณสามารถมีกิจกรรมร่วมกับเว็บไซต์ได้ แต่ต้องล็อกอินก่อน ::
  ล็อกอิน

รายการสื่อสารสนเทศ

ลำดับที่ ประเภท เลขเรียก/บาร์โค้ด สถานที่ สถานะ
1. นวนิยาย
นวนิยาย
นว. ณ-ส ฉ.1 
  Barcode: 008545
ห้องสมุดวิทยาเขตสวรรค์ประชารักษ์
►นวนิยาย
ถูกยืม กำหนดส่งวันที่ 10 สิงหาคม 2566
  จอง

รายการใกล้เคียง
    ชื่อเรื่อง [สัญญารักข้ามกาลเวลา]

    ผู้แต่ง [ณรียา]

    หัวเรื่อง [นวนิยาย]

BibComment


ยังไม่เคยถูกคอมเมนท์

คอมเมนท์ทรัพยากรรายการนี้
  คอมเมนท์: สัญญารักข้ามกาลเ..


 Copyright 2026. Bcnsprnw @Library